Vista normal
Vista MARC
Entrada Topical Term
Número de registros utilizados en: 1
001 - CONTROL NUMBER
- control field: 40184
003 - CONTROL NUMBER IDENTIFIER
- control field: OSt
005 - DATE AND TIME OF LATEST TRANSACTION
- control field: 20210908165154.0
008 - FIXED-LENGTH DATA ELEMENTS
- fixed length control field: 210908|| aca||aabn | a|a d
040 ## - CATALOGING SOURCE
- Original cataloging agency: OSt
- Transcribing agency: OSt
150 ## - HEADING--TOPICAL TERM
- Topical term or geographic name entry element: Mercado petrolero
670 ## - SOURCE DATA FOUND
- Source citation: Work cat.: (OSt)12405: Garza Galindo, Alejandro Almeida, autor 28141, Determinación del precio internacional del petróleo opciones para México / , 1994.